Fr. Conceicao Rodrigues College of Engineering

ARC AND GAS WELDING (Record no. 23892)

MARC details
000 -LEADER
fixed length control field 00272nam a2200133Ia 4500
082 ## - DEWEY DECIMAL CLASSIFICATION NUMBER
Classification number 671.5/RYB
100 ## - MAIN ENTRY--PERSONAL NAME
Personal name RYBAKOV/V.
245 ## - TITLE STATEMENT
Title ARC AND GAS WELDING
260 ## - PUBLICATION, DISTRIBUTION, ETC.
Name of publisher, distributor, etc. S.Chand & Co.
Date of publication, distribution, etc. 2008
300 ## - PHYSICAL DESCRIPTION
Extent 687
546 ## - LANGUAGE NOTE
Language note ENGLISH
650 ## - SUBJECT ADDED ENTRY--TOPICAL TERM
Topical term or geographic name entry element Production.
942 ## - ADDED ENTRY ELEMENTS (KOHA)
Koha item type BOOK
Holdings
Withdrawn status Lost status Damaged status Not for loan Collection Home library Current library Date acquired Total Checkouts Full call number Barcode Date last seen Price effective from Koha item type
        AFT Fr. Agnel's C.Rodrigues College of Engineering Fr. Agnel's C.Rodrigues College of Engineering 17/03/2023   671.5/RYB AFT8079 17/03/2023   BOOK